| 000 | 00681cas a22002417a 4500 | ||
|---|---|---|---|
| 001 | 36331 | ||
| 003 | UA-OsUOA | ||
| 005 | 20210416145510.0 | ||
| 007 | ta | ||
| 008 | 200601c1b un ||un r|n| 00| 0 ukrcdukr d | ||
| 040 |
_aUA-OsUOA _bukr _cUA-OsUOA _dUA-OsUOA |
||
| 041 | _aukr | ||
| 044 | _aUA | ||
| 080 | _a330 | ||
| 090 |
_a330 _bУ41 |
||
| 099 | _a61025 | ||
| 245 |
_aУкраїна- business _cгол. ред. Васильчук Ю. _bфінансово-економічний тижневик |
||
| 260 | _aК. | ||
| 650 | 7 |
_a330 Економіка взагалі _2UDC |
|
| 942 |
_cNP _2udc |
||
| 955 | _a2 | ||
| 999 |
_c286945 _d286945 |
||